[Event "(QRT)"]
[Site ""]
[Date "2022-07-12"]
[Round "5.7"]
[White "Schnepp Gunnar"]
[Black "Milov Leonid"]
[Result "*"]
[WhiteTitle "FM"]
[WhiteElo "2297"]
[WhiteCountry "AUT"]
[WhiteFideId "1604503"]
[BlackTitle "GM"]
[BlackElo "2484"]
[BlackCountry "GER"]
[BlackFideId "14101068"]

1. d4 f5 2. Nf3 Nf6 3. g3 g6 4. Bg2 d6 5. O-O Bg7 6. b3 a5 7. c4 a4 8. Bb2 c6 9. Nbd2 O-O 10. Qc2 Qc7 11. Bc3 a3 12. Rfe1 Na6 13. Rac1 Bd7 14. e4 fxe4 15. Nxe4 Rae8 16. Neg5 Qc8 17. Qe2 Nc7 18. Bb4 Qa8 19. Qd2 h6 20. Ne4 Nxe4 21. Rxe4 Bf5 22. Re3 g5 23. Rce1 Bf6 24. h3 Qa7 25. Qc1 b6 26. Bxa3 c5 27. d5 Kf7 28. Nh2 *

[Event "(QRT)"]
[Site ""]
[Date "2022-07-12"]
[Round "5.8"]
[White "Sargsyan Shant"]
[Black "Toktomushev Teimur"]
[Result "1-0"]
[WhiteTitle "GM"]
[WhiteElo "2477"]
[WhiteCountry "ARM"]
[WhiteFideId "13306766"]
[BlackTitle ""]
[BlackElo "1968"]
[BlackCountry "UKR"]
[BlackFideId "14176726"]

1. d4 d5 2. c4 e6 3. Nf3 Nf6 4. g3 Bb4+ 5. Bd2 Be7 6. Bg2 O-O 7. O-O c6 8. Qc2 b6 9. Bf4 Ba6 10. Nbd2 Nbd7 11. Rfc1 Rc8 12. e3 Bb7 13. Qa4 a6 14. Qd1 c5 15. Ne5 b5 16. b3 Qb6 17. b4 bxc4 18. bxc5 Qa7 19. Ndxc4 dxc4 20. c6 Ba8 21. cxd7 Nxd7 22. Nxd7 Qxd7 23. Bxa8 Rxa8 24. Rxc4 Rfc8 25. Rac1 g5 26. Bc7 Ra7 27. Ba5 Rxc4 28. Rxc4 Qd5 29. Rc8+ Kg7 30. Bc3 Bf6 31. Bb4 Be7 32. Bxe7 Rxe7 33. Rc5 Qxa2 34. Rxg5+ Kf8 35. Qg4 Rc7 36. Rg8+ Ke7 37. Qg5+ Kd6 38. Rd8+ Kc6 39. Qc5+ Kb7 40. Qb4+ Kc6 41. Rd6# 1-0

[Event "(QRT)"]
[Site ""]
[Date "2022-07-12"]
[Round "5.9"]
[White "Sahithi Varshini M"]
[Black "Gagare Shardul"]
[Result "0-1"]
[WhiteTitle "WIM"]
[WhiteElo "1392"]
[WhiteCountry "IND"]
[WhiteFideId "45095248"]
[BlackTitle "GM"]
[BlackElo "2449"]
[BlackCountry "IND"]
[BlackFideId "5037883"]

1. e4 c5 2. Nf3 e6 3. g3 Nc6 4. Bg2 Nf6 5. Qe2 e5 6. c3 Be7 7. O-O O-O 8. Na3 d6 9. d4 cxd4 10. cxd4 exd4 11. Nc2 Bg4 12. h3 Bxf3 13. Qxf3 Nd7 14. Rd1 Bf6 15. Qa3 Nc5 16. f4 Qb6 17. b4 d3 18. bxc5 dxc2 19. Re1 Bd4+ 20. Be3 dxc5 21. Rac1 Bb2 22. Qxc5 Qxc5 23. Bxc5 Bxc1 24. Rxc1 Rfc8 25. e5 Nxe5 26. Rxc2 Nd7 27. Bxb7 Rab8 0-1

[Event "(QRT)"]
[Site ""]
[Date "2022-07-12"]
[Round "5.10"]
[White "Muradli Mahammad"]
[Black "Herrera Reyes Jose Antonio"]
[Result "1-0"]
[WhiteTitle "GM"]
[WhiteElo "2432"]
[WhiteCountry "AZE"]
[WhiteFideId "13409301"]
[BlackTitle "FM"]
[BlackElo "2333"]
[BlackCountry "ESP"]
[BlackFideId "2274914"]

1. Nf3 c5 2. c4 b6 3. g3 Bb7 4. Bg2 e6 5. O-O Qc7 6. Nc3 a6 7. e4 d6 8. Re1 Nd7 9. b3 Ngf6 10. d4 cxd4 11. Nxd4 Be7 12. Nd5 exd5 13. exd5 Kf8 14. Nf5 Re8 15. Bf4 Ne5 16. Bxe5 dxe5 17. d6 Bxd6 18. Qxd6+ Qxd6 19. Nxd6 Bxg2 20. Nxe8 Bf3 21. Nc7 e4 22. Nxa6 h5 23. c5 bxc5 24. Rac1 h4 25. Rxc5 Ke7 26. Rf5 Kd6 27. Nc5 hxg3 28. fxg3 Rb8 29. Nxe4+ Bxe4 30. Rxf6+ gxf6 31. Rxe4 Kd5 32. Rf4 Ke5 33. Kf2 Rc8 34. Rc4 Rd8 35. Ke3 Rd1 36. Rc5+ Ke6 37. Rc2 Ke5 38. Rd2 Rb1 39. Kd3 f5 40. Rf2 Rd1+ 41. Kc4 Ke4 42. b4 1-0

[Event "(QRT)"]
[Site ""]
[Date "2022-07-12"]
[Round "5.12"]
[White "Petrov Martin"]
[Black "Gurel Ediz"]
[Result "1/2-1/2"]
[WhiteTitle "GM"]
[WhiteElo "2393"]
[WhiteCountry "BUL"]
[WhiteFideId "2911086"]
[BlackTitle "IM"]
[BlackElo "1842"]
[BlackCountry "TUR"]
[BlackFideId "44507356"]

1. e4 c5 2. Nf3 e6 3. d4 cxd4 4. Nxd4 Nc6 5. Nc3 Qc7 6. Be2 a6 7. O-O Nf6 8. Be3 Be7 9. f4 d6 10. Kh1 Bd7 11. Qe1 O-O 12. Qg3 Nxd4 13. Bxd4 Bc6 14. Rae1 b5 15. Bd3 e5 16. fxe5 Nh5 17. Qh3 dxe5 18. Be3 Nf4 19. Bxf4 exf4 20. e5 g6 21. Rxf4 Rae8 22. Rff1 Bb4 23. Ne4 f5 24. Nd6 Bxe1 25. Nxe8 Qxe5 26. Nc7 Ba5 27. Nxa6 Qxb2 28. Nc5 Qe5 29. Nb3 Bc7 30. Nd2 Re8 31. Nf3 Qd5 32. Rd1 Qxa2 33. Ng5 Re7 34. Qh4 Qd5 35. Qf2 Bb6 36. Qf1 h6 37. Be4 Qc5 38. Bxc6 Qxc6 39. Nf3 Qxc2 40. Rb1 Re2 41. Rc1 Qe4 42. Qd1 Qe7 43. Qd5+ Kh7 44. Qxb5 Re6 45. h4 Be3 46. Rd1 Qf6 47. Rd7+ Re7 48. Qb7 Bc5 49. Qd5 Rxd7 50. Qxd7+ Qe7 51. Qc8 Bd6 52. h5 Qf6 53. Qd7+ Kg8 54. Qe8+ Kg7 55. hxg6 Qxg6 56. Qd7+ Kg8 57. Qd8+ Kg7 58. Nh4 Qf6 59. Qd7+ Kg8 60. Qe8+ Kg7 61. Qd7+ Kg8 62. Qc8+ Kh7 63. Qxf5+ Qxf5 64. Nxf5 Be5 65. g4 Kg6 66. Kg2 h5 67. Nh4+ Kg5 68. Nf3+ Kxg4 1/2-1/2

[Event "(QRT)"]
[Site ""]
[Date "2022-07-12"]
[Round "5.13"]
[White "Aydin Gulenay"]
[Black "Visakh N R"]
[Result "0-1"]
[WhiteTitle "WFM"]
[WhiteElo "2103"]
[WhiteCountry "TUR"]
[WhiteFideId "34557431"]
[BlackTitle "GM"]
[BlackElo "2391"]
[BlackCountry "IND"]
[BlackFideId "25012223"]

1. e4 e5 2. Nf3 Nc6 3. Nc3 Nf6 4. Bb5 Bb4 5. O-O O-O 6. d3 Bxc3 7. bxc3 d6 8. Bg5 Qe7 9. Re1 Nd8 10. d4 Ne6 11. Bc1 Rd8 12. Bf1 b6 13. Ba3 Qe8 14. g3 Bb7 15. Bd3 c5 16. d5 Nc7 17. Bc1 h6 18. Nh4 Bc8 19. Qf3 Bg4 20. Qg2 Qe7 21. h3 Bd7 22. Kh2 Rab8 23. Qf3 Nh7 24. Bd2 Ng5 25. Bxg5 hxg5 26. Ng2 g6 27. a4 Kg7 28. g4 Rh8 29. Kg1 Rh6 30. Bf1 Qf6 31. Qxf6+ Kxf6 32. Ne3 Ke7 33. Reb1 Rhh8 34. Nc4 f5 35. gxf5 gxf5 36. f3 fxe4 37. fxe4 Bxh3 38. Bxh3 Rxh3 39. a5 b5 40. a6 Rf8 41. Na5 Rh4 42. Nc6+ Kd7 43. Kg2 Rg4+ 44. Kh3 Rxe4 45. Nxa7 Nxd5 46. Nxb5 Ne3 47. a7 Rh4+ 48. Kg3 Rg4+ 49. Kh3 Rh8# 0-1

[Event "(QRT)"]
[Site ""]
[Date "2022-07-12"]
[Round "5.17"]
[White "Pheng Wissam"]
[Black "Unuk Laura"]
[Result "0-1"]
[WhiteTitle ""]
[WhiteElo "1785"]
[WhiteCountry "FRA"]
[WhiteFideId "26008505"]
[BlackTitle "IM"]
[BlackElo "2180"]
[BlackCountry "SLO"]
[BlackFideId "14609215"]

1. e4 c6 2. c4 d5 3. cxd5 cxd5 4. exd5 Nf6 5. Bb5+ Nbd7 6. Nc3 g6 7. Nf3 Bg7 8. O-O O-O 9. Re1 Nb6 10. d4 Nfxd5 11. h3 Bf5 12. Ne5 Rc8 13. g4 Be6 14. Ne4 Nc7 15. Bf1 Bd5 16. Nc3 Be6 17. Bg2 Nbd5 18. Bd2 f6 19. Nd3 Bf7 20. Nf4 Nxf4 21. Bxf4 Ne6 22. Be3 f5 23. gxf5 gxf5 24. Qf3 Nxd4 25. Bxd4 Qxd4 26. Qxb7 Rb8 27. Qxe7 Rxb2 28. Ne2 Qb6 29. Qg5 Re8 30. Bf3 Kh8 31. Kh1 Qxf2 32. Qxf5 Rbxe2 33. Rxe2 Rxe2 34. Qc8+ Re8 35. Qc7 Qxf3+ 0-1

[Event "(QRT)"]
[Site ""]
[Date "2022-07-12"]
[Round "5.20"]
[White "Manukonda Arun"]
[Black "Hari Charan Sai Kalluri"]
[Result "1-0"]
[WhiteTitle ""]
[WhiteElo "2000"]
[WhiteCountry "IND"]
[WhiteFideId "5080789"]
[BlackTitle ""]
[BlackElo "1351"]
[BlackCountry "IND"]
[BlackFideId "46647759"]

1. e4 d5 2. exd5 Qxd5 3. Nf3 Nf6 4. d4 e6 5. Bd3 c5 6. O-O Nc6 7. c4 Qd8 8. dxc5 Bxc5 9. Bg5 O-O 10. Nc3 Be7 11. Qe2 h6 12. Bh4 Nd4 13. Nxd4 Qxd4 14. Bg3 Bd7 15. Rad1 Qb6 16. Bb1 Rfd8 17. Qc2 Rac8 18. b3 Bc6 19. Be5 Qc5 20. Rfe1 Rxd1 21. Nxd1 Rd8 22. Bb2 Be4 23. Qc1 Bc6 24. Ne3 a6 25. Nc2 Ne4 26. Ne3 Nd2 27. Bc2 b6 28. Rd1 Nf3+ 29. gxf3 Qg5+ 30. Ng4 Bxf3 31. Rxd8+ Bxd8 32. Qxg5 Bxg5 33. Ne5 Bb7 34. Bd4 b5 35. c5 Bd5 36. c6 Bd8 37. a4 f6 38. axb5 axb5 39. Nd3 Bxc6 40. Nb4 Bd5 41. Nxd5 exd5 42. b4 Kf7 43. Bd3 1-0

[Event "(QRT)"]
[Site ""]
[Date "2022-07-12"]
[Round "5.21"]
[White "Prraneeth Vuppala"]
[Black "Meduri Aakaash"]
[Result "*"]
[WhiteTitle "CM"]
[WhiteElo "1628"]
[WhiteCountry "IND"]
[WhiteFideId "46622373"]
[BlackTitle ""]
[BlackElo "2000"]
[BlackCountry "USA"]
[BlackFideId "2032252"]

1. d4 d5 2. c4 e6 3. Nf3 c6 4. e3 Nf6 5. Nc3 Nbd7 6. Be2 dxc4 7. a4 Bb4 8. O-O Bxc3 9. bxc3 b5 10. Ba3 Bb7 11. Nd2 Qc7 12. Rb1 a6 13. Bxc4 Nb6 14. Bb3 h5 15. e4 Ng4 16. e5 c5 17. Bxc5 Nd7 18. Bd6 Qxc3 19. h3 Qxd4 20. hxg4 hxg4 21. Bxe6 fxe6 22. Rb4 Qd5 23. Qxg4 Qxd2 24. Qxe6+ Kd8 25. Qe7+ Kc8 26. e6 Bc6 27. exd7+ Bxd7 28. Rbb1 *

[Event "(QRT)"]
[Site ""]
[Date "2022-07-12"]
[Round "5.23"]
[White "Abdulrahim Salem"]
[Black "Palladin Timur"]
[Result "*"]
[WhiteTitle ""]
[WhiteElo "1620"]
[WhiteCountry "UAE"]
[WhiteFideId "9308946"]
[BlackTitle ""]
[BlackElo "1965"]
[BlackCountry "RUS"]
[BlackFideId "4138317"]

1. e4 c5 2. Nf3 Nc6 3. d4 cxd4 4. Nxd4 g6 5. Nc3 Bg7 6. Be3 Nf6 7. Bc4 O-O 8. Bb3 a5 9. Qd2 Ng4 10. Nxc6 dxc6 11. Bg5 Qc7 12. Rd1 b5 13. a3 b4 14. axb4 axb4 15. Na4 c5 16. Qd5 Ra5 17. c4 bxc3 18. Rb1 Be6 19. Qd1 c4 20. Bc2 Rxg5 21. Nxc3 Rd8 22. Qe2 Ra5 23. h3 Ne5 24. O-O Nd3 25. Rfd1 Ne5 26. Rxd8+ Qxd8 27. Rd1 Qa8 28. f3 Nc6 29. Nd5 Qa7+ 30. Kh1 Nd4 31. Qxc4 Rc5 32. Rxd4 Bxd4 33. Qxd4 Qa1+ 34. Bd1 Rc1 35. Nxe7+ Kf8 36. Qd8+ Kg7 37. Qd4+ f6 38. Nf5+ gxf5 39. Qb4 Rxd1+ 40. Kh2 Qa7 41. exf5 Qc7+ 42. g3 Qc2+ *

[Event "(QRT)"]
[Site ""]
[Date "2022-07-12"]
[Round "5.27"]
[White "Markus David"]
[Black "Hanisch Sebastian Dr."]
[Result "*"]
[WhiteTitle ""]
[WhiteElo "1351"]
[WhiteCountry "SLO"]
[WhiteFideId "14628090"]
[BlackTitle ""]
[BlackElo "2024"]
[BlackCountry "GER"]
[BlackFideId "24668150"]

1. d4 Nf6 2. Bf4 e6 3. Nf3 b6 4. Nc3 Bb7 5. e3 Be7 6. Bd3 d5 7. Nb5 Na6 8. c3 c6 9. Na3 O-O 10. O-O c5 11. Re1 Ne4 12. Nb1 Nc7 13. Nbd2 Ne8 14. Ne5 f6 15. Nef3 g5 16. Bg3 g4 17. Nh4 f5 18. f3 Nxd2 19. Qxd2 Bxh4 20. Be5 Bxe1 21. Rxe1 Qg5 22. Bf4 Qh5 23. Be2 gxf3 24. Bxf3 Qg6 25. Qd1 Nf6 26. h3 Bc6 27. Rf1 Rad8 28. Be2 Rd7 29. Bd3 Rg7 30. g4 Ne4 31. Bxe4 dxe4 32. g5 Be8 33. Qe1 Qh5 34. Qg3 cxd4 35. cxd4 Bb5 36. Rc1 h6 37. Rc7 Qd1+ 38. Kh2 Qe2+ 39. Kg1 h5 40. Rxg7+ Kxg7 41. g6 Rc8 42. Bc7 Qd1+ 43. Kh2 Qc2+ *

[Event "(QRT)"]
[Site ""]
[Date "2022-07-12"]
[Round "5.30"]
[White "Trubini Timon"]
[Black "Panjwani Raja"]
[Result "0-1"]
[WhiteTitle ""]
[WhiteElo "1318"]
[WhiteCountry "SUI"]
[WhiteFideId "1347799"]
[BlackTitle "IM"]
[BlackElo "2394"]
[BlackCountry "CAN"]
[BlackFideId "2604493"]

1. e4 b6 2. d4 Bb7 3. f3 g6 4. Bc4 Bg7 5. Ne2 e6 6. d5 Ne7 7. Nbc3 O-O 8. O-O exd5 9. Nxd5 Nxd5 10. Bxd5 c6 11. Bb3 d5 12. exd5 cxd5 13. c3 Na6 14. Be3 Nc5 15. Bc2 Nd7 16. Bb3 Ne5 17. Nf4 Nc4 18. Qe2 Nxe3 19. Qxe3 d4 20. Qe1 dxc3 21. bxc3 Qc7 22. Rc1 Qxf4 23. Qe7 Ba6 24. Rfe1 Qf6 25. Qe3 Rad8 26. Qf2 Bh6 27. Rcd1 Qxc3 28. Rb1 Bc4 29. f4 Bxb3 30. Rxb3 Qd2 31. Rf3 Qxf2+ 32. Rxf2 Bg7 33. Rfe2 Bc3 34. Rc1 Bd2 35. Rb1 Bxf4 36. Re7 a5 37. g3 Bd6 38. Ree1 Rfe8 39. Rec1 Bc5+ 40. Kg2 Rd2+ 41. Kh3 Ree2 42. Rh1 Rxa2 43. Rbd1 h5 44. Rd8+ Kg7 45. Rc8 Bg1 0-1

[Event "(QRT)"]
[Site ""]
[Date "2022-07-12"]
[Round "5.33"]
[White "Zayed Sultan Al Taher"]
[Black "Mansoor Abdulmajeed"]
[Result "1/2-1/2"]
[WhiteTitle ""]
[WhiteElo "1537"]
[WhiteCountry "UAE"]
[WhiteFideId "9310592"]
[BlackTitle ""]
[BlackElo "1246"]
[BlackCountry "UAE"]
[BlackFideId "9327592"]

1. d4 Nf6 2. c4 g6 3. Nc3 Bg7 4. e4 d6 5. f3 c6 6. Be3 a6 7. a4 a5 8. Bd3 Na6 9. Nge2 Nb4 10. Rc1 Nxd3+ 11. Qxd3 O-O 12. O-O e5 13. dxe5 dxe5 14. Rfe1 Be6 15. Red1 Qc7 16. b3 Rfd8 17. Qc2 Bf8 18. Bd4 h6 1/2-1/2

[Event "(QRT)"]
[Site ""]
[Date "2022-07-12"]
[Round "5.38"]
[White "Cawthen Fred"]
[Black "Getaz Raymond"]
[Result "0-1"]
[WhiteTitle ""]
[WhiteElo "1703"]
[WhiteCountry "ENG"]
[WhiteFideId "415464"]
[BlackTitle ""]
[BlackElo "1740"]
[BlackCountry "SUI"]
[BlackFideId "1334859"]

1. d4 Nf6 2. Bf4 d5 3. Nf3 e6 4. e3 Bd6 5. Bg3 Nc6 6. c3 a6 7. Bd3 O-O 8. O-O Re8 9. Bxd6 Qxd6 10. Nbd2 e5 11. dxe5 Nxe5 12. Nxe5 Qxe5 13. Nf3 Qd6 14. Re1 Bg4 15. h3 Bh5 16. Be2 Rad8 17. Qb3 b5 18. Rad1 Qb6 19. a3 c5 20. Kh1 c4 21. Qc2 Bg6 22. Qc1 Ne4 23. Kg1 Qf6 24. Rf1 Bf5 25. Nd4 Bc8 26. Bf3 Ng5 27. Ne2 Bxh3 28. Ng3 Nxf3+ 29. Kh1 Qh4 30. gxf3 Bxf1+ 31. Kg1 Bd3 32. b3 Re6 0-1

[Event "(QRT)"]
[Site ""]
[Date "2022-07-12"]
[Round "6.1"]
[White "Yu Yangyi"]
[Black "Motylev Alexander"]
[Result "*"]
[WhiteTitle "GM"]
[WhiteElo "2738"]
[WhiteCountry "CHN"]
[WhiteFideId "8603820"]
[BlackTitle "GM"]
[BlackElo "2721"]
[BlackCountry "FID"]
[BlackFideId "4121830"]

1. c4 e6 2. d4 d5 3. Nc3 Nf6 4. cxd5 exd5 5. Bg5 Be7 6. e3 h6 7. Bh4 O-O 8. Bd3 c6 9. Nge2 Nbd7 10. O-O Re8 11. a4 Ne4 12. Bxe7 Qxe7 13. Nxe4 dxe4 14. Bc4 Nb6 15. Bb3 Nd5 16. Bxd5 cxd5 17. Qb3 Be6 18. Nf4 Rac8 19. Rfc1 *

[Event "(QRT)"]
[Site ""]
[Date "2022-07-12"]
[Round "6.2"]
[White "Sethuraman S.P."]
[Black "Lagarde Maxime"]
[Result "*"]
[WhiteTitle "GM"]
[WhiteElo "2556"]
[WhiteCountry "IND"]
[WhiteFideId "5021596"]
[BlackTitle "GM"]
[BlackElo "2653"]
[BlackCountry "FRA"]
[BlackFideId "662399"]

1. e4 e6 2. d4 d5 3. Nc3 Bb4 4. e5 Ne7 5. a3 Bxc3+ 6. bxc3 c5 7. Qg4 O-O 8. Bd3 f5 9. exf6 Rxf6 10. Bg5 Rf7 11. Qh5 g6 12. Qd1 Nbc6 13. Nf3 c4 14. Be2 Qf8 15. h4 h6 16. Bd2 Bd7 17. Qc1 Kh7 *

[Event "(QRT)"]
[Site ""]
[Date "2022-07-12"]
[Round "6.3"]
[White "Gagare Shardul"]
[Black "Iturrizaga Bonelli Eduardo"]
[Result "*"]
[WhiteTitle "GM"]
[WhiteElo "2449"]
[WhiteCountry "IND"]
[WhiteFideId "5037883"]
[BlackTitle "GM"]
[BlackElo "2632"]
[BlackCountry "ESP"]
[BlackFideId "3901211"]

1. c4 c5 2. g3 Nc6 3. Bg2 g6 4. Nc3 Bg7 5. a3 d6 6. Nf3 e6 7. O-O Nge7 8. d3 O-O 9. Bd2 b6 10. Rb1 Bb7 11. b4 Qd7 12. e3 Rfd8 13. Qe2 Rac8 14. Rfd1 h6 15. Be1 cxb4 16. axb4 d5 17. cxd5 Nxd5 18. Na2 *

[Event "(QRT)"]
[Site ""]
[Date "2022-07-12"]
[Round "6.4"]
[White "Iniyan P"]
[Black "Sargsyan Shant"]
[Result "*"]
[WhiteTitle "GM"]
[WhiteElo "2295"]
[WhiteCountry "IND"]
[WhiteFideId "25002767"]
[BlackTitle "GM"]
[BlackElo "2477"]
[BlackCountry "ARM"]
[BlackFideId "13306766"]

1. d4 Nf6 2. c4 e6 3. Nf3 d5 4. Nc3 Bb4 5. cxd5 exd5 6. Bg5 h6 7. Bh4 O-O 8. e3 Bf5 9. Qb3 Bxc3+ 10. bxc3 Nbd7 11. Be2 c5 12. dxc5 g5 13. Bg3 Nxc5 14. Qb4 Nfe4 15. Be5 a5 16. Qb2 Qe7 17. c4 dxc4 18. Bxc4 Na4 19. Qb5 Qb4+ 20. Qxb4 axb4 *

[Event "(QRT)"]
[Site ""]
[Date "2022-07-12"]
[Round "6.5"]
[White "Azarov Sergei"]
[Black "Muradli Mahammad"]
[Result "*"]
[WhiteTitle "GM"]
[WhiteElo "2580"]
[WhiteCountry "BLR"]
[WhiteFideId "13501470"]
[BlackTitle "GM"]
[BlackElo "2432"]
[BlackCountry "AZE"]
[BlackFideId "13409301"]

1. e4 c5 2. Nf3 d6 3. d4 cxd4 4. Nxd4 Nf6 5. Nc3 a6 6. Bg5 Nbd7 7. f4 Qc7 8. Be2 h6 9. Bh4 e5 10. Nf5 exf4 11. Qd4 g5 12. Bf2 Ne5 13. O-O-O Bxf5 14. exf5 *

[Event "(QRT)"]
[Site ""]
[Date "2022-07-12"]
[Round "6.8"]
[White "Raja Harshit"]
[Black "Milov Leonid"]
[Result "*"]
[WhiteTitle "GM"]
[WhiteElo "2164"]
[WhiteCountry "IND"]
[WhiteFideId "5089000"]
[BlackTitle "GM"]
[BlackElo "2484"]
[BlackCountry "GER"]
[BlackFideId "14101068"]

1. e4 c5 2. Nf3 e6 3. d4 cxd4 4. Nxd4 Nc6 5. Nc3 Qc7 6. g3 a6 7. Bg2 h5 8. O-O h4 9. Re1 hxg3 10. hxg3 d6 11. Nxc6 bxc6 12. Na4 e5 13. c4 Nf6 14. c5 Rb8 15. Bg5 dxc5 16. Rc1 Be6 17. Nxc5 Bxc5 18. Rxc5 Nd7 19. Rc2 Bxa2 20. Qa1 Bb3 21. Rc3 *

[Event "(QRT)"]
[Site ""]
[Date "2022-07-12"]
[Round "6.9"]
[White "Gallagher Joseph G."]
[Black "Mohammad Nubairshah Shaikh"]
[Result "*"]
[WhiteTitle "GM"]
[WhiteElo "2425"]
[WhiteCountry "SUI"]
[WhiteFideId "1303422"]
[BlackTitle "IM"]
[BlackElo "2240"]
[BlackCountry "IND"]
[BlackFideId "5053196"]

1. e4 c6 2. d4 d5 3. Nc3 dxe4 4. Nxe4 Bf5 5. Ng3 Bg6 6. Nf3 Nd7 7. Bc4 e6 8. O-O Ngf6 9. Re1 Be7 10. Nh4 Nb6 11. Bb3 c5 12. c3 cxd4 13. cxd4 O-O 14. Nxg6 hxg6 15. Qf3 Nbd5 16. Bg5 Rc8 17. h4 Qb6 18. Rad1 Rfd8 19. Re5 Rd7 *

[Event "(QRT)"]
[Site ""]
[Date "2022-07-12"]
[Round "6.10"]
[White "Haimovich Tal"]
[Black "Krishna C R G"]
[Result "*"]
[WhiteTitle "IM"]
[WhiteElo "2340"]
[WhiteCountry "ISR"]
[WhiteFideId "2801698"]
[BlackTitle "IM"]
[BlackElo "2335"]
[BlackCountry "IND"]
[BlackFideId "5018625"]

1. e4 e6 2. d4 d5 3. Nc3 Bb4 4. e5 c5 5. Bd2 Ne7 6. a3 Bxc3 7. Bxc3 b6 8. b4 Nbc6 9. dxc5 bxc5 10. Nf3 d4 11. Bd2 Qd5 12. bxc5 Nxe5 13. Nxe5 Qxe5+ 14. Qe2 Qxc5 15. Bb4 Qc7 16. Qe4 *

[Event "(QRT)"]
[Site ""]
[Date "2022-07-12"]
[Round "6.12"]
[White "Martirosyan Haik M."]
[Black "Wanner Stefan"]
[Result "*"]
[WhiteTitle "GM"]
[WhiteElo "2478"]
[WhiteCountry "ARM"]
[WhiteFideId "13306553"]
[BlackTitle ""]
[BlackElo "1947"]
[BlackCountry "SUI"]
[BlackFideId "1314130"]

1. d4 Nf6 2. c4 c5 3. d5 b5 4. cxb5 a6 5. b6 Qxb6 6. Nc3 d6 7. e4 g6 8. a4 a5 9. Nf3 Bg7 10. Bb5+ Bd7 11. Nd2 O-O 12. O-O Na6 13. Nc4 Qc7 14. Bf4 Nh5 15. Bg5 Bxb5 16. axb5 Nb4 17. Qd2 Rfb8 18. Ra3 Bd4 19. Rfa1 Nf6 20. Bxf6 Bxf6 21. Nxa5 Bxc3 22. bxc3 *

[Event "(QRT)"]
[Site ""]
[Date "2022-07-12"]
[Round "6.13"]
[White "Palladin Timur"]
[Black "Petrov Martin"]
[Result "*"]
[WhiteTitle ""]
[WhiteElo "1965"]
[WhiteCountry "RUS"]
[WhiteFideId "4138317"]
[BlackTitle "GM"]
[BlackElo "2393"]
[BlackCountry "BUL"]
[BlackFideId "2911086"]

1. e4 c5 2. Nf3 d6 3. d4 cxd4 4. Nxd4 Nf6 5. Nc3 a6 6. Be3 e5 7. Nb3 Be7 8. Be2 Be6 9. O-O O-O 10. Kh1 Nbd7 11. Qe1 b5 12. a3 Nb6 13. Rd1 Nc4 14. Bc1 Rc8 15. f4 exf4 16. Rxf4 Nd7 17. Nd4 Nde5 *

[Event "(QRT)"]
[Site ""]
[Date "2022-07-12"]
[Round "6.16"]
[White "Unuk Laura"]
[Black "Sahithi Varshini M"]
[Result "*"]
[WhiteTitle "IM"]
[WhiteElo "2180"]
[WhiteCountry "SLO"]
[WhiteFideId "14609215"]
[BlackTitle "WIM"]
[BlackElo "1392"]
[BlackCountry "IND"]
[BlackFideId "45095248"]

1. d4 Nf6 2. Nf3 e6 3. g3 b6 4. Bg2 Bb7 5. O-O c5 6. dxc5 Bxc5 7. b3 d5 8. Bb2 Nbd7 9. Nbd2 O-O 10. c4 dxc4 11. Nxc4 Bd5 12. Rc1 Rc8 13. e3 Qe7 14. Qe2 Rfd8 15. Rfd1 a5 *

[Event "(QRT)"]
[Site ""]
[Date "2022-07-12"]
[Round "6.17"]
[White "Schweizer Simon"]
[Black "Prraneeth Vuppala"]
[Result "*"]
[WhiteTitle ""]
[WhiteElo "2145"]
[WhiteCountry "JPN"]
[WhiteFideId "1325361"]
[BlackTitle "CM"]
[BlackElo "1628"]
[BlackCountry "IND"]
[BlackFideId "46622373"]

1. e4 c5 2. Nf3 d6 3. d4 cxd4 4. Nxd4 Nf6 5. Nc3 a6 6. h3 e5 7. Nde2 h5 8. g3 Be7 9. Bg2 b5 10. Be3 Bb7 11. a3 Nbd7 12. O-O Qc7 13. b4 Nb6 14. a4 Nxa4 15. Nxa4 bxa4 16. c4 Qxc4 17. Rc1 Qb3 18. Qd2 Nxe4 19. Qe1 Qe6 20. Rc7 Bd5 21. f4 f5 *

[Event "(QRT)"]
[Site ""]
[Date "2022-07-12"]
[Round "6.18"]
[White "Ciarletta Ulysse"]
[Black "Manukonda Arun"]
[Result "*"]
[WhiteTitle ""]
[WhiteElo "1711"]
[WhiteCountry "FRA"]
[WhiteFideId "45133000"]
[BlackTitle ""]
[BlackElo "2000"]
[BlackCountry "IND"]
[BlackFideId "5080789"]

1. d4 d5 2. c4 c6 3. Nf3 Nf6 4. Nc3 dxc4 5. a4 Bf5 6. e3 e6 7. Bxc4 Bb4 8. O-O O-O 9. Nd2 c5 10. Nb3 cxd4 11. Nxd4 Bg6 12. Qb3 Qe7 13. Nce2 e5 14. Nf3 Nc6 15. Bd2 Bxd2 16. Nxd2 Rac8 17. a5 Rfd8 18. Rfd1 Nb4 19. e4 Rxd2 20. Rxd2 Nxe4 21. Rdd1 Qc5 22. Rac1 Qxf2+ 23. Kh1 *

[Event "(QRT)"]
[Site ""]
[Date "2022-07-12"]
[Round "6.20"]
[White "Pernutz Hans-Gerhard"]
[Black "Mamedov Edgar"]
[Result "*"]
[WhiteTitle ""]
[WhiteElo "2049"]
[WhiteCountry "GER"]
[WhiteFideId "4606620"]
[BlackTitle "CM"]
[BlackElo "1838"]
[BlackCountry "KAZ"]
[BlackFideId "13739980"]

1. e4 c6 2. c4 d5 3. cxd5 cxd5 4. exd5 Nf6 5. Bb5+ Nbd7 6. Nc3 a6 7. Qa4 g6 8. Nge2 Bg7 9. O-O O-O 10. Bxd7 Bxd7 11. Qb3 b5 12. d4 Bg4 13. Nf4 Ne8 14. Be3 Nd6 15. Nd3 a5 16. Ne5 Bd7 17. a3 Rb8 18. Rac1 b4 19. axb4 axb4 20. Nb1 *

[Event "(QRT)"]
[Site ""]
[Date "2022-07-12"]
[Round "6.29"]
[White "Hari Charan Sai Kalluri"]
[Black "Galerne Rene"]
[Result "*"]
[WhiteTitle ""]
[WhiteElo "1351"]
[WhiteCountry "IND"]
[WhiteFideId "46647759"]
[BlackTitle ""]
[BlackElo "1719"]
[BlackCountry "SUI"]
[BlackFideId "1315056"]

1. d4 Nf6 2. Nf3 d5 3. c4 c6 4. Nc3 Bf5 5. e3 e6 6. cxd5 cxd5 7. Qb3 Qc7 8. Bd2 Nc6 9. Ne5 Nxe5 10. dxe5 Nd7 *